[Event "Titled Tuesday intern op 07th Sept"]
[Site "Chess.com INT"]
[Date "2021.09.07"]
[Round "11"]
[White "Nakhbayeva, Guliskhan"]
[Black "Blanco Gramajo, Cesar Augusto"]
[Result "1-0"]
[WhiteElo "2333"]
[BlackElo "2065"]
[PlyCount "51"]
[EventDate "2021.09.07"]
[EventType "swiss (blitz)"]
[EventRounds "11"]
[EventCountry "USA"]
[SourceTitle "EXT 2022"]
[Source "ChessBase"]
[SourceDate "2021.10.06"]
[SourceVersion "1"]
[SourceVersionDate "2021.10.06"]
[SourceQuality "1"]

1. d4 Nf6 2. c4 c5 3. d5 b5 4. cxb5 a6 5. bxa6 e6 6. Nc3 exd5 7. Nxd5 Nxa6 8. Bg5 Be7 9. Nxe7 Qxe7 10. e3 0-0 11. Nf3 Bb7 12. Be2 d5 13. 0-0 c4 14. Qd4 Nb4 15. Bxf6 gxf6 16. a3 Nc2 17. Qg4+ Kh8 18. Rac1 Nxe3 19. fxe3 Qxe3+ 20. Kh1 Qxe2 21. Qh4 Ra6 22. Nd4 Qe4 23. Rf4 Qe3 24. Rc3 Qe5 25. Rh3 h5 26. Rf5 1-0

[Event "Titled Tuesday intern op 07th Sept"]
[Site "Chess.com INT"]
[Date "2021.09.07"]
[Round "5"]
[White "Nakhbayeva, Guliskhan"]
[Black "Zhukova, Natalia"]
[Result "0-1"]
[WhiteElo "2333"]
[BlackElo "2331"]
[PlyCount "84"]
[EventDate "2021.09.07"]
[EventType "swiss (blitz)"]
[EventRounds "11"]
[EventCountry "USA"]
[SourceTitle "EXT 2022"]
[Source "ChessBase"]
[SourceDate "2021.10.06"]
[SourceVersion "1"]
[SourceVersionDate "2021.10.06"]
[SourceQuality "1"]

1. d4 Nf6 2. c4 c5 3. d5 b5 4. cxb5 a6 5. bxa6 g6 6. Nc3 Bg7 7. e4 0-0 8. Nf3 Qa5 9. Bd2 Bxa6 10. Be2 Bxe2 11. Qxe2 Qa6 12. Qxa6 Nxa6 13. 0-0 Nb4 14. a3 Nd3 15. Rfb1 Rfb8 16. Ra2 c4 17. h3 d6 18. Kf1 Nd7 19. Ke2 N7c5 20. Ne1 Bxc3 21. Bxc3 Nxe4 22. Bd4 Nb4 23. Raa1 Nxd5 24. f3 Ng3+ 25. Kf2 Nf5 26. Nc2 e5 27. Bc3 Rb3 28. Bd2 Rab8 29. Nb4 Nde7 30. Bc3 f6 31. Rd1 Kf7 32. g4 Nd4 33. Bxd4 exd4 34. Rxd4 Rxb2+ 35. Kg3 c3 36. Rxd6 Rc8 37. Re1 Rc7 38. Rc1 Nc8 39. Nd5 Nxd6 40. Nxc7 c2 41. Nd5 Nc4 42. Nb4 Nxa3 0-1

[Event "Titled Tuesday intern op 10th Aug"]
[Site "Chess.com INT"]
[Date "2021.08.10"]
[Round "10"]
[White "Mohota, Nisha"]
[Black "Nakhbayeva, Guliskhan"]
[Result "1-0"]
[WhiteElo "2195"]
[BlackElo "2333"]
[PlyCount "65"]
[EventDate "2021.08.10"]
[EventType "swiss (blitz)"]
[EventRounds "11"]
[EventCountry "USA"]
[SourceTitle "CBM 203 Extra"]
[Source "ChessBase"]
[SourceDate "2021.09.30"]
[SourceVersion "1"]
[SourceVersionDate "2021.09.30"]
[SourceQuality "1"]

1. d4 Nf6 2. c4 e6 3. Nc3 Bb4 4. g3 0-0 5. Bg2 c5 6. Nf3 d5 7. cxd5 Nxd5 8. Bd2 Nc6 9. Nxd5 Qxd5 10. Bxb4 cxb4 11. 0-0 Qd6 12. e3 Bd7 13. Rc1 Rac8 14. Nd2 Rfd8 15. Ne4 Qe7 16. Nc5 Be8 17. Qe2 e5 18. d5 Na5 19. Ne4 a6 20. d6 Qe6 21. Rxc8 Rxc8 22. Rd1 Bb5 23. Qe1 Qxa2 24. Qxb4 Rd8 25. Nc3 Nc6 26. Nxa2 Nxb4 27. Nxb4 a5 28. Na2 b6 29. Nc3 Bc4 30. Nd5 b5 31. Ne7+ Kf8 32. Nc6 Rd7 33. Bh3 1-0